LEADER 01063nam a2200265 i 4500 001 000000332651 003 CaOOAMICUS 005 20250909172518.0 008 190304s2018 it u000 u ita u 013 $a228153 020 $a978-88-917807-3-7 040 $aSeMil$bita 110 0 $aFondazione ISMU .$0(OLS)http://semarc/name/89855 245 10$aVentiquattresimo Rapporto sulle migrazioni 2018 /$cFondazione Ismu. 260 $aMilano :$bFranco Angeli,$c2018. 300 $a331 p. ;$c23 cm. 490 0 $aCollana Ismu ;$v70 650 4$aImmigrazione - Italia - Rapporti informativi.$0(OLS)http://semarc/subject/53933 830 0$aCollana Ismu ;$v70.$0(OLS)http://semarc/title/16829 850 $aSeMil 852 $aSeMil$W1$xVenegono$y1$m3YY III 4/24$j261642$B225952$CSeMilBibl$Z2$F225952 $81 941 1 $a7 996 $6245$aVentiquattresimo Rapporto sulle migrazioni 2018$9(OLS)http://semarc/title/421675 996 $6260$aMilano :$bFranco Angeli$9(OLS)http://semarc/publisher/30369 LEADER 00949nam a2200229 i 4500 001 000000063937 003 CaOOAMICUS 005 20090702000000.0 008 090702s1996 it u000 u ita u 013 $a35109 040 $aSeMil$bita 100 1 $aPedretti, Carlo .$0(OLS)http://semarc/name/32293 245 13$aIl dono della parola :$bil Patronato "Pro mutis" di Cremona, 1907 -1996 /$cCarlo Pedretti. 260 $aCremona :$b[s.n.],$c1996. 300 $a125 p. :$bill. ;$c24 cm. 500 $aAi pič del front : Patronato "Pro Mutis". 650 4$aCremona.$0(OLS)http://semarc/subject/5505 850 $aSeMil 852 $aSeMil$W1$xVenegono$y1$m3C V 221$j30090$B30090$CSeMilBibl$Z2$F30093 $81 961 $aOmaggio: Donazione 996 $6245$aIl dono della parola :$bil Patronato "Pro mutis" di Cremona, 1907 -1996$9(OLS)http://semarc/title/101082 996 $6260$aCremona :$b[s.n.]$9(OLS)http://semarc/publisher/35167